Conferencia de 1997. La Escuela y los Derechos del Niño (Record no. 11158)

MARC details
000 -LEADER
campo de control de longitud fija 00400nam a2200157Ia 4500
001 - NÚMERO DE CONTROL
campo de control 1954
008 - DATOS DE LONGITUD FIJA--INFORMACIÓN GENERAL
campo de control de longitud fija 241024s9999 xx 000 0 und d
020 ## - NÚMERO INTERNACIONAL ESTÁNDAR DEL LIBRO
Número Internacional Estándar del Libro 88-85401-40-6
082 ## - NÚMERO DE LA CLASIFICACIÓN DECIMAL DEWEY
Número de clasificación 344.0327/H224c
100 ## - ENTRADA PRINCIPAL--NOMBRE DE PERSONA
Nombre de persona Thomas Hammarberg
245 #0 - MENCIÓN DEL TÍTULO
Título Conferencia de 1997. La Escuela y los Derechos del Niño
260 ## - PUBLICACIÓN, DISTRIBUCIÓN, ETC.
Nombre del editor, distribuidor, etc. UNICEF
Fecha de publicación, distribución, etc. 1997
590 ## - NOTA LOCAL (RLIN)
Nota local s
901 ## - ELEMENTOS DE DATOS A LOCAL LDA (RLIN)
a 4/10/2011 4:10:39 p.m.

No items available.

© 2024. Todos los Derechos Reservados. Desarrollado por IDEICE